000 01146nam a22002177a 4500
999 _c62937
_d62937
003 Ge_BSU
005 20250328141051.0
008 250326s2010 ge ||||| |||| 00| 0 geo d
020 _a9789941421143
041 _ageo
080 _a81'374.822=353.32=353.1 ქ-60
100 _aქობალია, ალიო
_924682
245 _aმეგრული ლექსიკონი :
_b[დაახლ. 90 000 ლექსიკური ერთეული] /
_cალიო ქობალია; რედ.: მერაბ ჩუხუა, ნონა ქობალია, ნანა ქობალია.
264 _aთბ. :
_bარტანუჯი,
_c2010.
300 _a748 გვ. ;
_b30 სმ.
490 _aკოლხური სერია, 1512-3855 /
_vსერიის მთ. რედ. ბუბა კუდავა ; 7
700 _aჩუხუა, მერაბ
_eრედაქტორი
_916915
700 _aქობალია, ნონა
_eრედაქტორი
_924683
700 _aქობალია, ნანა
_eრედაქტორი
_924684
942 _2udc
_cBK